Statistics for Maroon lyrics

Click here to take the quiz!

General Stats

  • This quiz has been taken 84 times
  • The average score is 315 of 351

Answer Stats

Lyrics% Correct
I
100%
It
100%
it
100%
the
100%
The
100%
was—
100%
was
100%
a
97%
in
97%
maroon
97%
no
97%
No
97%
on
97%
scarlet,
97%
shoes,
97%
that
97%
That's
97%
that's
97%
You
97%
you
97%
"Your
97%
your
97%
and
95%
And
95%
how
95%
How
95%
lost
95%
me
95%
my
95%
New
95%
of
95%
up
95%
with
95%
York
95%
again
92%
again?
92%
between
92%
dancin'
92%
one
92%
sky
92%
so
92%
telephones
92%
to
92%
t-shirt
92%
us
92%
we
92%
when
92%
When
92%
cheeks,
90%
grew
90%
into
90%
Rosè,"
90%
time
90%
were
90%
wine
90%
closest
87%
collarbone,
87%
end
87%
every
87%
friend
87%
fucking
87%
legacy
87%
lips
87%
real
87%
roommate's
87%
splashed
87%
track
87%
blood
85%
burgundy
85%
call
85%
floor
85%
home,
85%
leave
85%
mark
85%
now
85%
rushed
85%
rust
85%
say,
85%
see
85%
used
85%
at
82%
came
82%
came,
82%
morning
82%
saw
82%
ass
79%
cheap
79%
day
79%
feet
79%
How'd
79%
lap,
79%
like
79%
chose
77%
looked
77%
maroon
77%
memory
77%
top
77%
anyway?
74%
'cause
74%
did
74%
hands
74%
head
74%
hell
74%
lose
74%
onto
74%
over
74%
Laughing
72%
screw
72%
gave
69%
had
69%
shelf
69%
vinyl
69%
always
67%
cleaning
67%
incense
67%
off
67%
roses,
67%
sight
67%
wake
67%
Ain't
64%
hazy
64%
ends?
62%
hallway
62%
rubies
62%
way
62%
blind
59%
Carnations
59%
shit
59%
silence
59%
thought
59%
what,
59%
eyed
56%
hollow
56%
matter
56%
Sobbin'
56%
standing
56%
shaking
54%
feel
49%

Score Distribution

Percentile by Number Answered

Percent of People with Each Score

Your Score History

You have not taken this quiz